| 000 | 01200nam a22003257a 4500 | ||
|---|---|---|---|
| 003 | DO-SdBNP | ||
| 005 | 20171206100419.0 | ||
| 008 | 161031b 1996 xxu a 00| 0 spa d | ||
| 020 | _a0673771040 | ||
| 040 |
_aBPMSU _bspa _cBPMSU |
||
| 082 |
_axxxx _bP342D |
||
| 100 | 1 | _aPaxton, Tom | |
| 245 | 1 | 0 |
_aAsí es Tom Paxton : _buna entrevista con Tom Paxton / _cilustrado por Mike Dammer ; fotografías Jon Reed ; adaptación Patricia Almada ; traducción Olivia Ruiz, Vivian Cuesta, Patricia Almada, Lourdes Davis Machado, Roni Capin Rivera Ashford. |
| 260 |
_aEstados Unidos : _bCelebration Press, _bScott Foresman, _c1996. |
||
| 300 |
_a16 p. : _bil. ; _c18 cm. |
||
| 490 | 1 | _aPequeñitas celebraciones | |
| 700 | 1 | 2 |
_aDammer, Mike _eil. |
| 700 | 1 | 2 |
_aReed, Jon _efot. |
| 700 | 1 | 2 |
_aAlmada, Patricia _eadap. |
| 700 | 1 | 2 |
_aRuiz, Olivia _etrad. |
| 700 | 1 | 2 |
_aCuesta, Vivian _etrad. |
| 700 | 1 | 2 |
_aAlmada, Patricia _etrad. |
| 700 | 1 | 2 |
_aDavis Machado, Lourdes _etrad. |
| 700 | 1 | 2 |
_aRivera Ashford, Roni Capin _etrad. |
| 830 | 0 | _aPequeñitas celebraciones | |
| 910 | _a000144 | ||
| 942 |
_2ddc _cBK |
||
| 945 | _ainventariado extranjero / DG | ||
| 956 |
_2YLOCKWARD _310 _8BPMSU _aYngrid Lockward |
||
| 999 |
_c12753 _d12753 |
||